000 00386nam a2200145Ia 4500
008 150201s2000 xx 000 0 und d
082 _a612.7
_bC2000L
100 _aLIPPERT , LYNN S.
245 _aCLINICAL KINESIOLOGY FOR PHYSICAL THERAPISTASSISTENT
250 _a3RD
260 _bF.A. DAVIS COM
_aPHILADELPHIA
_c2000
300 _a1-475
650 _aPHYSIOTHERAPY
942 _2ddc
_cBK
999 _c1548
_d1548